• 首页
  • 本馆介绍
  • 公告通知
  • 最新文献
  • 馆藏检索
  • 电子资源
  • 读者导购
  • 参考咨询
  • 我的图书馆
  • 登录
  • 详细信息显示
  • 放入我的书架
  • 预约/预借图书
  • 作者相关作品
  • 分类相关作品
  • 丛书相关作品
  • 出版社相关作品

书目信息

  • 表格格式
  • 工作单格式
  • 卡片格式
题名:
新闻采访与写作
    
 
作者: 欧阳霞 主编
分册:  
出版信息: 北京   清华大学出版社  2009.10
页数: 306页
开本: 24cm
丛书名:
单 册:
中图分类: G212.1 , G212.2
科图分类:
主题词: 新闻采访--教材 , 新闻写作--教材 , 新闻采访 , 新闻写作
电子资源:
ISBN: 978-7-302-20783-2
000 00904nam0 2200289 450
001 004294702
005 20091221091649.02
010    @a978-7-302-20783-2@dCNY30.00
100    @a20091130d2009 em y0chiy0110 ea
101 0  @achi
102    @aCN@b110000
105    @aa z 000yy
106    @ar
200 1  @a新闻采访与写作@9xin wen cai fang yu xie zuo@f欧阳霞主编
210    @a北京@c清华大学出版社@d2009.10
215    @a306页@c图@d24cm
300    @a21世纪新闻实训系列教材
330    @a本书共分12章,主要内容包括:采访前的准备、新闻采访提问、新闻采访技巧、新闻写作概述、新闻报道结构、通讯写作、新闻特稿、广播电视新闻写作等。
606 0  @a新闻采访@j教材
606 0  @a新闻写作@j教材
606 0  @a新闻采访
606 0  @a新闻写作
690    @aG212.1@v4
690    @aG212.2@v4
701  0 @a欧阳霞@9ou yang xia@c(女)@4主编
801  0 @aCN@bNLC@c20091221
905    @b20798051-55@dG212.1@e389@f5
    
    新闻采访与写作/欧阳霞主编.-北京:清华大学出版社,2009.10
    306页:图;24cm
    21世纪新闻实训系列教材
    
    ISBN 978-7-302-20783-2:CNY30.00
    本书共分12章,主要内容包括:采访前的准备、新闻采访提问、新闻采访技巧、新闻写作概述、新闻报道结构、通讯写作、新闻特稿、广播电视新闻写作等。
●
相关链接 在E读中查询图书 在五车中查询图书 在当当中查询图书 在豆瓣中查询图书


正题名:新闻采访与写作     索取号:G212.1/389         预约/预借

序号 登录号 条形码 馆藏地/架位号 状态 备注
1 798051   207980513   第一样本阅览室/ [索取号:G212.1/389] 在馆    
2 798052   207980522   第四借阅区/ [索取号:G212.1/389] 在馆    
3 798053   207980531   第四借阅区/ [索取号:G212.1/389] 在馆    
4 798054   207980540   第四借阅区/ [索取号:G212.1/389] 在馆    
5 798055   207980559   密集书库-文学院/ [索取号:G212.1/389] 在馆    
唐山师范学院图书馆 欢迎您!
大连网信软件有限公司© 版权所有